| 000 | 00596nam a22002177a 4500 | ||
|---|---|---|---|
| 001 | 0011701 | ||
| 003 | DO-SdBNP | ||
| 005 | 20240710112325.0 | ||
| 007 | 0011701 | ||
| 008 | 161032uu ch 00| 0 spa d | ||
| 040 |
_aBPMSU _bspa _cBPMSU |
||
| 082 | 4 |
_a782.7 _bM678p _222 |
|
| 245 | 1 | 0 |
_aMis primeras canciones _b _c |
| 260 |
_aChina : _bLexus Editores _c2005 _g |
||
| 300 |
_aVarias paginaciones : _bil., _c20 cm. |
||
| 590 | _aInventariado, 2024/VM | ||
| 650 | 4 |
_aCanciones infantiles _vColecciones |
|
| 710 | 2 | _aLexus Editores | |
| 910 | _aVMateo V. Control de calidad. BPMSU | ||
| 942 |
_2ddc _cBK |
||
| 999 |
_c14726 _d14726 |
||